Welcome to CU Library Online Public Access Catalogue (OPAC)

Programming in Visual Basic, version 5.0 / (Record no. 1163)

MARC details
000 -LEADER
fixed length control field 00657cam a2200205 a 4500
001 - CONTROL NUMBER
control field 1180813
005 - DATE AND TIME OF LATEST TRANSACTION
control field 20241114092641.0
008 - FIXED-LENGTH DATA ELEMENTS--GENERAL INFORMATION
fixed length control field 970528s1998 maua 001 0 eng
020 ## - INTERNATIONAL STANDARD BOOK NUMBER
International Standard Book Number 9780256259414
050 04 - LIBRARY OF CONGRESS CALL NUMBER
Classification number QA76.73.B3
Item number B724 1998
082 00 - DEWEY DECIMAL CLASSIFICATION NUMBER
Classification number 005.26/8
Edition information 21
100 1# - MAIN ENTRY--PERSONAL NAME
Personal name Bradley, Julia Case.
245 10 - TITLE STATEMENT
Title Programming in Visual Basic, version 5.0 /
Statement of responsibility, etc. Julia Case Bradley, Anita C. Millspaugh.
260 ## - PUBLICATION, DISTRIBUTION, ETC.
Place of publication, distribution, etc. Boston :
Name of publisher, distributor, etc. Irwin/McGraw-Hill,
Date of publication, distribution, etc. 1998.
300 ## - PHYSICAL DESCRIPTION
Extent xx, 588 p. :
Other physical details ill. (some col.) ;
Dimensions 28 cm.
500 ## - GENERAL NOTE
General note Includes index.
650 #0 - SUBJECT ADDED ENTRY--TOPICAL TERM
Topical term or geographic name entry element BASIC (Computer program language)
700 1# - ADDED ENTRY--PERSONAL NAME
Personal name Millspaugh, Anita C.
Fuller form of name (Anita C.)
942 ## - ADDED ENTRY ELEMENTS (KOHA)
Source of classification or shelving scheme Library of Congress Classification
Koha item type Books
Suppress in OPAC No
999 ## -
-- 1163
-- 1163
Holdings
Withdrawn status Lost status Source of classification or shelving scheme Damaged status Not for loan Collection Home library Current library Shelving location Date acquired Total checkouts Full call number Barcode Date last seen Copy number Price effective from Koha item type
    Library of Congress Classification     Non-fiction Science Library (Miotso) Science Library (Miotso) General stacks 11/14/2024   QA76.73 BRA SLM00000567 11/14/2024 1 11/14/2024 Books
© 2023-2024 Copyright: Central University Libraries. All Rights Reserved | Created by: Mahone Tech Office